Guess the Taylor Swift song from a random part. - Statistics

General Stats
  • This quiz has been taken 25 times
  • The average score is 12 of 20
Answer Stats
Hint Answer % Correct
The whole school is rolling fake dice Miss Americana and The Heartbreak Prince
90%
But you can make me a drink Delicate
85%
And soon they'll have the nerve to deck the halls champagne problems
80%
Take it off, ah, ah Dress
80%
I guess sometimes we all get just what we wanted,just what we wanted Midnight Rain
80%
You ate at my favorite spot for dinner invisible string
75%
Had me in the palm of your hand All You Had To Do Was Stay
70%
Fifty years is a long time the last great american dynasty
70%
'Cause all of my enemies started out friends The Archer
65%
Hey, hey, hey Shake it off
60%
You saw me start to believe, for the first time Mine
55%
I wish I could fly The Very First Night
55%
So, shame on me, now I Knew You Were Trouble
50%
And I hope the sun shines and it's a beautiful day Last Kiss
50%
Maybe I'm just a girl on a mission A Place In This World
40%
So yeah ivy
40%
And we talk and window shop till I've forgotten all their names The Best Day
35%
How can I ever try to be better? The Outside
35%
So I'll say words I don't believe Bigger Then The Whole Sky
30%
Stand in the rain outside 'til i came out If This Was A Movie
25%
No matching quizzes found
Score Distribution
Percent of People with Each Score
Percentile by Number Answered
Your Score History
You have not taken this quiz